Lyrics to 'I Hope It All Works Out' by Mark Ambor - Statistics

General Stats
  • This quiz has been taken 18 times
  • The average score is 199 of 276
Answer Stats
Answer % Correct
a
100%
all
100%
and
100%
be
100%
Be
100%
hope
100%
I
100%
"I
100%
If
100%
it
100%
me
100%
out
100%
out"
100%
tell
100%
that
100%
That
100%
the
100%
works
100%
would
100%
You
100%
you
100%
Your
100%
your
100%
across
75%
always
75%
are
75%
at
75%
can
75%
country
75%
drive
75%
here
75%
like
75%
looked
75%
Of
75%
of
75%
Oh
75%
said
75%
see
75%
seem
75%
so
75%
to
75%
Told
75%
want
75%
When
75%
with
75%
words
75%
about
50%
back
50%
came
50%
dancing
50%
days
50%
easy
50%
eyes
50%
face
50%
find
50%
for
50%
get
50%
girl
50%
hair
50%
I'll
50%
in
50%
it's
50%
Just
50%
just
50%
kinda
50%
love
50%
might
50%
miss
50%
mouth
50%
my
50%
Now
50%
still
50%
things
50%
think
50%
this
50%
Though
50%
Thought
50%
thought
50%
true
50%
up
50%
wind
50%
wrestling
50%
you'd
50%
along
25%
Cause
25%
chills
25%
Close
25%
crowded
25%
dream
25%
drowned
25%
enjoy
25%
fall
25%
filled
25%
flame
25%
guilt
25%
hopeful
25%
I'm
25%
journey
25%
kid
25%
last
25%
life
25%
lifetime
25%
lights
25%
lips
25%
lonely
25%
Maine
25%
never
25%
old
25%
our
25%
part
25%
past
25%
person
25%
regret
25%
room
25%
sends
25%
singing
25%
sold-out
25%
something
25%
songs
25%
street
25%
tears
25%
these
25%
us
25%
wayside
25%
No matching quizzes found
Score Distribution
Percent of People with Each Score
Percentile by Number Answered
Your Score History
You have not taken this quiz